Implication du pharmacien d’officine dans le parcours de soins de la maladie rénale chronique (notice n° 1615447)

détails MARC
000 -LEADER
fixed length control field 04928cam a2200601 4500500
005 - DATE AND TIME OF LATEST TRANSACTION
control field 20260111073331.0
041 ## - LANGUAGE CODE
Language code of text/sound track or separate title fre
042 ## - AUTHENTICATION CODE
Authentication code dc
100 10 - MAIN ENTRY--PERSONAL NAME
Personal name Belaiche, Stéphanie
Relator term author
245 00 - TITLE STATEMENT
Title Implication du pharmacien d’officine dans le parcours de soins de la maladie rénale chronique
260 ## - PUBLICATION, DISTRIBUTION, ETC.
Date of publication, distribution, etc. 2020.<br/>
500 ## - GENERAL NOTE
General note 27
520 ## - SUMMARY, ETC.
Summary, etc. Chronic kidney disease (CKD) is a major concern of public health. The pharmacist is known as a health practitioner involved in prevention and therapeutic education. Our study aimed at defining the impact of community pharmacists’ interventions for preventing and screening CKD. In our observational prospective study of 5 months conducted in 109 community pharmacy, we included 2 groups of patients: A (therapeutic optimization): CKD patients and B (CKD screening): population at risk. In group A, we included 354 patients, mainly women (51.2%), in stage 3 of CKD, mean age 73 years old, with hypertension alone (40.6%) or associated with diabetes (44%). About 70% of the patients had a follow up by a nephrologist and 45% of them were good adherent according to the Morisky Green self-report. However, approximately 20% of patients did not have nephroprotective treatments in their regimen although they were on stage 3 or 4 CKD patients, and about half of them were not aware of medical situations at risk. Concerning group B, 532 patients were included. The pharmaceutical interventions screened 10 % of patients with a GFR 2. The community pharmacists’ interventions helped to optimize the therapeutic management of CKD patients and in the early screening of patients at risk. More studies are needed to extrapolate our observations to a larger population.
520 ## - SUMMARY, ETC.
Summary, etc. Le pharmacien d’officine est reconnu comme un acteur de la prévention et de l’éducation thérapeutique. Un projet pédagogique mené dans les officines du Nord-Pas-de-Calais et coordonné par la faculté de pharmacie de Lille avec le réseau Néphronor nous a permis de collecter des données permettant d’évaluer l’intérêt d’une évaluation pharmaceutique officinale de la MRC. Nous rapportons ici le résultat de l’intervention réalisée dans 109 pharmacies d’officine. Les entretiens pharmaceutiques ont concerné 2 populations de patients. Le groupe A concerne des patients se connaissant porteurs d’une IRC (entretien pharmaceutique d’optimisation thérapeutique). Le groupe B regroupe des patients à risque de MRC pour lesquels est proposée une stratégie de dépistage. Ainsi, 354 patients ont été inclus dans le groupe A, majoritairement des femmes (51,2 %), en stade 3 d’IRC, d’âge moyen 73 ans, diabétiques (44 %). Environ 70 % des patients avaient déjà été vus par un néphrologue et 45 % d’entre eux présentaient une bonne adhésion thérapeutique selon le questionnaire de Morisky Green. Par ailleurs, 20 % des patients n’avaient pas de traitement néphroprotecteur en stades 3 et 4 de la MRC et plus de la moitié ne connaissaient pas les situations à risque d’insuffisance rénale aiguë. Le groupe B a inclus 532 patients (âge moyen 70 ans). L’intervention pharmaceutique a permis de dépister 10 % de patients avec un DFG 2. L’entretien pharmaceutique en officine a permis d’optimiser la prise en charge thérapeutique et l’information des patients IRC, ainsi que le dépistage précoce chez certains patients à risque.
690 ## - LOCAL SUBJECT ADDED ENTRY--TOPICAL TERM (OCLC, RLIN)
Topical term or geographic name as entry element (loi) Hôpital
690 ## - LOCAL SUBJECT ADDED ENTRY--TOPICAL TERM (OCLC, RLIN)
Topical term or geographic name as entry element patient
690 ## - LOCAL SUBJECT ADDED ENTRY--TOPICAL TERM (OCLC, RLIN)
Topical term or geographic name as entry element santé
690 ## - LOCAL SUBJECT ADDED ENTRY--TOPICAL TERM (OCLC, RLIN)
Topical term or geographic name as entry element territoire
690 ## - LOCAL SUBJECT ADDED ENTRY--TOPICAL TERM (OCLC, RLIN)
Topical term or geographic name as entry element entretien pharmaceutique
690 ## - LOCAL SUBJECT ADDED ENTRY--TOPICAL TERM (OCLC, RLIN)
Topical term or geographic name as entry element HAS
690 ## - LOCAL SUBJECT ADDED ENTRY--TOPICAL TERM (OCLC, RLIN)
Topical term or geographic name as entry element Haute autorité de santé
690 ## - LOCAL SUBJECT ADDED ENTRY--TOPICAL TERM (OCLC, RLIN)
Topical term or geographic name as entry element HPST
690 ## - LOCAL SUBJECT ADDED ENTRY--TOPICAL TERM (OCLC, RLIN)
Topical term or geographic name as entry element HTA
690 ## - LOCAL SUBJECT ADDED ENTRY--TOPICAL TERM (OCLC, RLIN)
Topical term or geographic name as entry element hypertension artérielle
690 ## - LOCAL SUBJECT ADDED ENTRY--TOPICAL TERM (OCLC, RLIN)
Topical term or geographic name as entry element IEC
690 ## - LOCAL SUBJECT ADDED ENTRY--TOPICAL TERM (OCLC, RLIN)
Topical term or geographic name as entry element inhibiteur de l’enzyme de conversion
690 ## - LOCAL SUBJECT ADDED ENTRY--TOPICAL TERM (OCLC, RLIN)
Topical term or geographic name as entry element insuffisance rénale chronique
690 ## - LOCAL SUBJECT ADDED ENTRY--TOPICAL TERM (OCLC, RLIN)
Topical term or geographic name as entry element IRC
690 ## - LOCAL SUBJECT ADDED ENTRY--TOPICAL TERM (OCLC, RLIN)
Topical term or geographic name as entry element maladie rénale chronique
690 ## - LOCAL SUBJECT ADDED ENTRY--TOPICAL TERM (OCLC, RLIN)
Topical term or geographic name as entry element MRC
690 ## - LOCAL SUBJECT ADDED ENTRY--TOPICAL TERM (OCLC, RLIN)
Topical term or geographic name as entry element prévention
690 ## - LOCAL SUBJECT ADDED ENTRY--TOPICAL TERM (OCLC, RLIN)
Topical term or geographic name as entry element chronic kidney disease
690 ## - LOCAL SUBJECT ADDED ENTRY--TOPICAL TERM (OCLC, RLIN)
Topical term or geographic name as entry element pharmacist intervention
690 ## - LOCAL SUBJECT ADDED ENTRY--TOPICAL TERM (OCLC, RLIN)
Topical term or geographic name as entry element prevention
700 10 - ADDED ENTRY--PERSONAL NAME
Personal name Mercier, Edwige
Relator term author
700 10 - ADDED ENTRY--PERSONAL NAME
Personal name Cuny, Damien
Relator term author
700 10 - ADDED ENTRY--PERSONAL NAME
Personal name Kambia, Nicolas
Relator term author
700 10 - ADDED ENTRY--PERSONAL NAME
Personal name Wierre, Patrick
Relator term author
700 10 - ADDED ENTRY--PERSONAL NAME
Personal name Bertoux, Elisabeth
Relator term author
700 10 - ADDED ENTRY--PERSONAL NAME
Personal name Mascaut, Daniel
Relator term author
700 10 - ADDED ENTRY--PERSONAL NAME
Personal name Azar, Raymond
Relator term author
700 10 - ADDED ENTRY--PERSONAL NAME
Personal name Bataille, Pierre
Relator term author
700 10 - ADDED ENTRY--PERSONAL NAME
Personal name Bourdon, Franck
Relator term author
700 10 - ADDED ENTRY--PERSONAL NAME
Personal name Mac Namara, Evelyne
Relator term author
700 10 - ADDED ENTRY--PERSONAL NAME
Personal name Maisonneuve, Nathalie
Relator term author
700 10 - ADDED ENTRY--PERSONAL NAME
Personal name Painchart, Bernard
Relator term author
700 10 - ADDED ENTRY--PERSONAL NAME
Personal name Vrigneau, Laurence
Relator term author
700 10 - ADDED ENTRY--PERSONAL NAME
Personal name Noel, Christian
Relator term author
700 10 - ADDED ENTRY--PERSONAL NAME
Personal name Décaudin, Bertrand
Relator term author
700 10 - ADDED ENTRY--PERSONAL NAME
Personal name Glowacki, François
Relator term author
786 0# - DATA SOURCE ENTRY
Note Journal de Pharmacie Clinique | 39 | 1 | 2020-01-01 | p. 29-36 | 0291-1981
856 41 - ELECTRONIC LOCATION AND ACCESS
Uniform Resource Identifier <a href="https://stm.cairn.info/revue-journal-de-pharmacie-clinique-2020-1-page-29?lang=fr&redirect-ssocas=7080">https://stm.cairn.info/revue-journal-de-pharmacie-clinique-2020-1-page-29?lang=fr&redirect-ssocas=7080</a>

Pas d'exemplaire disponible.

PLUDOC

PLUDOC est la plateforme unique et centralisée de gestion des bibliothèques physiques et numériques de Guinée administré par le CEDUST. Elle est la plus grande base de données de ressources documentaires pour les Étudiants, Enseignants chercheurs et Chercheurs de Guinée.

Adresse

627 919 101/664 919 101

25 boulevard du commerce
Kaloum, Conakry, Guinée

Réseaux sociaux

Powered by Netsen Group @ 2025